| 000 | 00429nam a22001577a 4500 | ||
|---|---|---|---|
| 005 | 20250325112004.0 | ||
| 008 | 250325b |||||||| |||| 00| 0 eng d | ||
| 020 | _a9788171771776 | ||
| 050 |
_aHD6960 _bCHO |
||
| 100 | _aChowdhury, A. B | ||
| 245 | _aLegal aspects of managing employee relations | ||
| 260 |
_aNew Delhi _bEastern Law House Private Ltd _cc2005 |
||
| 300 | _a551p | ||
| 500 | _aincludes index | ||
| 942 |
_2lcc _cBK _n0 |
||
| 999 |
_c5177 _d5177 |
||